000
00333nam a22001457a 4500
008
230718b ||||| |||| 00| 0 eng d
020
_a
9780321978271
041
_a
eng
080
_2
SECOND EDITION
_a
311
082
_a
311GOU
100
_a
25.2
101
_a
STSC
245
_a
INTRODUCTORY STATISTICS
_c
GOULD R
942
_2
udc
_c
BK
999
_c
60155
_d
60155